000 00686nam a22001697i 4500
999 _c23532
_d23532
003 AR-CdUCM
008 260227b20212021 pe||||| |||| 00| 0 spa d
040 _aMUNICIPALIDAD PROVINCIAL DEL CUSCO
_cBIBLIOTECA MUNICIPAL DEL CUSCO
041 _hspa
082 _aEP / 869.56
_bC2481D
100 _aCamus Sánchez, Juan Reynaldo
_952352
245 _aEl Domador del Águila y del Viento :
_bUn viaje fantástico, místico y extraordinario por el mundo llevando la buena nueva de la preservación, cuidado y dosificación del medio ambiente de la tierra en donde vivimos.
300 _a56 páginas. :
_c29x20 cm.
505 _aEl domador
942 _2ddc
_cLIBROS
945 _apbjr
_d27-02-2026